000 00265nam a22001097a 4500
082 _a355/SAR
100 _aSarkar, Sir Jadunath
_983980
245 _aMilitary History Of India
260 _aNew Delhi
_bAsha Prakashan
_c2021
650 _aMilitary Science
942 _cBK
999 _c68998
_d68998